| 000 | 00643cam a22002412 4500 | ||
|---|---|---|---|
| 001 | 0000000189 | ||
| 003 | OSt | ||
| 005 | 20220323153926.0 | ||
| 008 | 070116s xx 000 0 eng d | ||
| 020 | _a1473749504 | ||
| 040 |
_aKABU _cKABU |
||
| 050 |
_aHB171.5 _b.M36 2018 |
||
| 100 | 1 | _aMankiw, N. Gregory. | |
| 245 | 1 | 0 |
_aPrinciples of economics / _cGregory N. Mankiw. |
| 250 | _a3rd ed. | ||
| 260 |
_aAustralia _bCengage _c2018 |
||
| 300 | _axviii, 683p. | ||
| 650 | 0 | _aEconomics. | |
| 700 | _aRashwan, Mohamed H. | ||
| 908 | _a070116 | ||
| 942 |
_2lcc _cBK |
||
| 999 |
_c19292 _d19291 |
||